| 000 | 00632nam a22001937a 4500 | ||
|---|---|---|---|
| 005 | 20251108164331.0 | ||
| 008 | 250721s1991 xx 000 0 ara d | ||
| 082 | 1 | 4 | _a390.0962/لاي |
| 100 | 1 | _aلاين، إدوارد وليم | |
| 245 | 1 | 0 |
_aعادات المصريين المحدثين و تقاليدهم : _bمصر ما بين 1833 - 1835 / |
| 264 | 1 |
_aالقاهرة : _bمكتبة مدبولي، _c1991. |
|
| 300 | _a592ص | ||
| 650 | 1 | 7 | _aالعادات و التقاليد |
| 650 | 1 | 7 | _aالأدب الشعبي |
| 650 | 1 | 7 | _aمصر |
| 700 | 1 |
_aدسوم، سهير _eترجمة |
|
| 942 |
_2ddc _cBK |
||
| 999 |
_c9578 _d9578 |
||